CBO's projection of the effect of climate change on U.S. economic output /

Bibliographic Details
Main Authors: Herrnstadt, Evan (Author), Dinan, Terry (Author)
Format: Government Document eBook
Language:English
Published: Washington, D.C. : Congressional Budget Office, 2020.
Series:Working paper series (United States. Congressional Budget Office) ; 2020-06.
Subjects:
Online Access:https://purl.fdlp.gov/GPO/gpo159164

MARC

Tag First Indicator Second Indicator Subfields
LEADER 00000cam a2200000 i 4500
001 in00004365521
006 m o d f
007 cr |||||||||||
008 210913s2020 dcua ob f000 0 eng d
005 20220513172412.4
035 |a (OCoLC)on1267987551 
040 |a GPO  |b eng  |e rda  |e pn  |c GPO  |d MvI 
043 |a n-us--- 
049 |a WWW 
074 |a 1005-D (online) 
086 0 |a Y 10.11:2020-06 
100 1 |a Herrnstadt, Evan,  |e author. 
245 1 0 |a CBO's projection of the effect of climate change on U.S. economic output /  |c Evan Herrnstadt, Terry Dinan. 
246 3 |a Congressional Budget Office's projection of the effect of climate change on United States economic output 
264 1 |a Washington, D.C. :  |b Congressional Budget Office,  |c 2020. 
300 |a 1 online resource (18 pages, 2 unnumbered pages) :  |b illustrations. 
336 |a text  |b txt  |2 rdacontent 
337 |a computer  |b c  |2 rdamedia 
338 |a online resource  |b cr  |2 rdacarrier 
490 1 |a Working paper ;  |v 2020-06 
500 |a "September 2020." 
500 |a GPO Cataloging Record Distribution Program (CRDP). 
504 |a Includes bibliographical references. 
588 0 |a Description based on online resource, PDF version; title from cover (Archive-It, viewed August 19, 2021). 
610 1 0 |a United States.  |b Congressional Budget Office. 
650 0 |a Climatic changes  |z United States  |x Forecasting. 
650 0 |a Climatic changes  |x Economic aspects  |z United States. 
650 0 |a Gross domestic product  |z United States  |x Forecasting. 
650 0 |a Economic forecasting  |z United States. 
700 1 |a Dinan, Terry,  |e author. 
710 1 |a United States.  |b Congressional Budget Office,  |e issuing body. 
830 0 |a Working paper series (United States. Congressional Budget Office) ;  |v 2020-06. 
856 4 0 |u https://purl.fdlp.gov/GPO/gpo159164  |t 0 
999 f f |s 83ba6ec1-942c-4bad-8437-ff58f5dffbe5  |i 34ddc547-a842-3db8-8a23-b9718bbffaa6  |t 0 
952 f f |a Texas A&M University  |b College Station  |c Electronic Resources  |d Available Online  |t 0  |e Y 10.11:2020-06  |h Superintendent of Documents classification 
998 f f |a Y 10.11:2020-06  |t 0  |l Available Online